书目信息 |
| 题名: |
成本会计学
|
|
| 作者: | 贺南轩 主编 | |
| 分册: | ||
| 出版信息: | 北京 中国财政经济出版社 1999 |
|
| 页数: | 427页 | |
| 开本: | 20cm | |
| 丛书名: | ||
| 单 册: | ||
| 中图分类: | F234.2 | |
| 科图分类: | 29.841 | |
| 主题词: | 成本会计--教材 | |
| 电子资源: | ||
| ISBN: | 7-5005-2857-4 | |
| 000 | 00731nam0 2200265 45 | |
| 001 | 0195031441 | |
| 005 | 20070707165224.65 | |
| 010 | @a7-5005-2857-4@dCNY17.00 | |
| 100 | @a19950602d1999 y0chiy0121 ea | |
| 101 | 0 | @achi |
| 102 | @aCN@b110000 | |
| 105 | @ay zj 000yy | |
| 200 | 10 | @a成本会计学@ACHENG BEN KUAI JI XUE@f贺南轩主编@Fhe nan xuan zhu bian |
| 205 | @a3版 | |
| 210 | @a北京@c中国财政经济出版社@d1999@h2000 | |
| 215 | @a427页@d20cm | |
| 300 | @a附:成本会计学自学考试大纲 | |
| 300 | @a全国高等教育自学考试教材 | |
| 540 | 1 | @a会计@AKUAI JI |
| 606 | @a成本会计@x教材 | |
| 690 | @aF234.2 | |
| 692 | @a29.841 | |
| 701 | 0 | @a贺南轩@AHE NAN XUAN@4主编 |
| 801 | 0 | @aCN@bTSSF@c20070707 |
| 905 | @a10447@dF234.2@e259 | |
| 成本会计学/贺南轩主编.-3版.-北京:中国财政经济出版社,1999(2000) |
| 427页;20cm |
| 附:成本会计学自学考试大纲.-全国高等教育自学考试教材 |
| ISBN 7-5005-2857-4:CNY17.00 |
| ● |
| 相关链接 |
|
|
|
|
正题名:成本会计学
索取号:F234.2/259
 
预约/预借
| 序号 | 登录号 | 条形码 | 馆藏地/架位号 | 状态 | 备注 |
| 1 | 0766595 | 207665953 | 第一样本阅览室/ [索取号:F234.2/259] | 在馆 |